000 01642nam a2200301 a 4500
001 000000332
003 DO-SdBNP
005 20240412143207.0
008 081212s2008 dr 001 0 spa d
020 _a9945161816
020 _a9789945161814
040 _aDO-SdBNP
_bspa
_cBNPHU
082 4 _a378.7293
_bN964L
100 1 _aNúñez, Esclarecida
_91126
245 1 3 _aEl legado a los egresados :
_bideas y pensamientos de una rectora /
_cEsclarecida Núñez.
260 _aSanto Domingo :
_bBúho,
_c2008.
300 _a127 p. ;
_c23 cm.
500 _aIncluye datos biográficos del autor en la contra cubierta
505 0 _tPresentación --
_tDiscurso toma de posesión como Rectora del Instituto Tecnológico del Cibao Oriental --
_tDiscursos de la Rectora de la Universidad ITECO correspondientes a los actos de investiduras ordinariast 2000-2007 --
_tDiscursos de la rectora de la Universidad ITECO correspondientes a los actos de investiduras extraordinarias -- Palabras de bienvenida a algunas de las personalidades que visitaron nuestra Universidad ITECO --
_tAnexo I --
_tAnexo II.
590 _aInventariado, 2018/MFF
610 4 _aInstituto Tecnológico del Cibao Oriental (República Dominicana)
_91127
_vEnsayos, conferencias, etc.
650 4 _aEducación superior
_zRepública Dominicana
_91128
_vEnsayos, conferencias, etc.
650 4 _aUniversidades
_xRepública Dominicana
_xEnsayos, conferencias, etc.
_91129
650 4 _aAdministración universitaria
_xRepública Dominicana
_91130
_vEnsayos, conferencias, etc.
700 1 _aJerez, Juana María
_91131
910 _aValidado. Control de calidad BNPHU
942 _2ddc
_cLBS1
999 _c331
_d331